| 000 | 00679nam a2200181 a 4500 | ||
|---|---|---|---|
| 001 | 000254909 | ||
| 003 | AM-YeHGA | ||
| 005 | 20250618071718.0 | ||
| 008 | 030819s1968 ai 000 | arm d | ||
| 040 | _aAM-YeHGA | ||
| 100 | 1 |
_aԱյվազյան, Աղասի Սիմոնի, _d1925-2007 _983 |
|
| 245 | 1 | 0 |
_aԸնտանիքի հայրը : _b[Պատմվածքներ] / _cԱ. Այվազյան; Խմբ.՝ Խ.Ս. Պողոսյան. |
| 260 |
_aԵրևան : _bՀայաստան, _c1968. |
||
| 300 |
_a142 էջ ; _c20 սմ. |
||
| 650 | 1 | 4 |
_aՀայ գրականություն _xՊատմվածք |
| 700 | 1 |
_aՊողոսյան, Խաչիկ Սերոբի, _d1912- _eխմբ. _4edt _91966 |
|
| 090 | _c93039 | ||
| 999 |
_c91741 _d91741 |
||